Advanced strength of materials (Record no. 6074)

000 -LEADER
fixed length control field 00525nam a2200193 4500
001 - CONTROL NUMBER
control field 6074
003 - CONTROL NUMBER IDENTIFIER
control field BD-DhHUET
008 - FIXED-LENGTH DATA ELEMENTS--GENERAL INFORMATION
fixed length control field 790809s1952 nyua 001 0 eng
020 ## - INTERNATIONAL STANDARD BOOK NUMBER
International Standard Book Number 070164002
040 ## - CATALOGING SOURCE
Original cataloging agency DLC
Transcribing agency DLC
Modifying agency BD-DhHUET
082 ## - DEWEY DECIMAL CLASSIFICATION NUMBER
Classification number 620.11
Item number DEN/1952
100 1# - MAIN ENTRY--PERSONAL NAME
Personal name Den Hartog, J. P.
245 10 - TITLE STATEMENT
Title Advanced strength of materials
Statement of responsibility, etc. by Den Hartog, J. P.
250 ## - EDITION STATEMENT
Edition statement 1st ed.
260 ## - PUBLICATION, DISTRIBUTION, ETC. (IMPRINT)
Place of publication, distribution, etc. New York
Name of publisher, distributor, etc. McGraw-Hill
Date of publication, distribution, etc. 1952
300 ## - PHYSICAL DESCRIPTION
Extent ix,379 p.
Other physical details illus.
Dimensions 24 cm.
650 #0 - SUBJECT ADDED ENTRY--TOPICAL TERM
Topical term or geographic name as entry element Strength of materials: engineering
942 ## - ADDED ENTRY ELEMENTS (KOHA)
Koha item type General Book
Holdings
Koha normalized classification for sorting Koha date last seen Location (home branch) Sublocation or collection (holding branch) Not for loan Withdrawn status Source of classification or shelving scheme Koha full call number Damaged status Shelving location Copy number Koha item type Date acquired Lost status Piece designation (barcode) Price effective from
620_000000000000000_11DEN19522014-11-30Central Library, BUETCentral Library, BUET   620.11/DEN/1952 Circulation section1General Book2014-11-30 879252014-11-30
620_110000000000000_DEN_19522015-04-23Central Library, BUETCentral Library, BUET   620.11/DEN/1952 Circulation section2General Book2015-04-23 299062015-04-23
620_110000000000000_DEN_19522015-04-23Central Library, BUETCentral Library, BUET   620.11/DEN/1952 Circulation section3General Book2015-04-23 299012015-04-23
620_110000000000000_DEN_19522015-04-23Central Library, BUETCentral Library, BUET   620.11/DEN/1952 Circulation section4General Book2015-04-23 347602015-04-23
620_110000000000000_DEN_19522015-04-23Central Library, BUETCentral Library, BUET   620.11/DEN/1952 Circulation section5General Book2015-04-23 299032015-04-23
620_110000000000000_DEN_19522015-04-23Central Library, BUETCentral Library, BUET   620.11/DEN/1952 Circulation section6General Book2015-04-23 347612015-04-23
620_110000000000000_DEN_19522015-04-23Central Library, BUETCentral Library, BUET   620.11/DEN/1952 Circulation section7General Book2015-04-23 299082015-04-23
620_110000000000000_DEN_19522015-04-23Central Library, BUETCentral Library, BUET   620.11/DEN/1952 Circulation section8General Book2015-04-23 299052015-04-23
620_110000000000000_DEN_19522015-04-23Central Library, BUETCentral Library, BUET   620.11/DEN/1952 Circulation section9General Book2015-04-23 299042015-04-23
620_110000000000000_DEN_19522015-04-25Central Library, BUETCentral Library, BUET   620.11/DEN/1952 Circulation section10General Book2015-04-25 347622015-04-25
620_110000000000000_DEN_19522015-04-25Central Library, BUETCentral Library, BUET   620.11/DEN/1952 Circulation section11General Book2015-04-25 299072015-04-25